000 00504nam a2200193Ia 4500
003 OSt
005 20251110184356.0
008 210423s9999 xx 000 0 und d
040 _cAL
041 _aEnglish
082 _a370
_bFERO
100 _aMervyn Fernando
_9113233
245 _aOutline of a new education orders for srilanka
260 _bSubodhi
_c2021
300 _a61p.
_bPB
_c21.5x13.9cm.
365 _cINR
906 _aeducation ; new ; orders ; Outline ; srilanka.
942 _2ddc
_cBK
999 _c173044
_d173044